Handbook of social theory

Αποθηκεύτηκε σε:
Λεπτομέρειες βιβλιογραφικής εγγραφής
Άλλοι συγγραφείς: Ritzer, George (Επιμελητής έκδοσης), Smart, Barry (Επιμελητής έκδοσης)
Μορφή: Βιβλίο
Γλώσσα:English
Δημοσίευση: London ; Thousands Oaks, Calif. : SAGE, 2001
Θέματα:
Ετικέτες: Προσθήκη ετικέτας
Δεν υπάρχουν, Καταχωρήστε ετικέτα πρώτοι!

MARC

LEADER 00000nam a2200000 i 4500
001 1/43263
008 140227s2001 eng d
020 |a 0-7619-5840-1 (hbk.) 
035 |l 10116900 
040 |a GR-MY-UA  |b gre  |e aacr 
041 0 |a eng 
082 0 |a 300.1  |2 (22) 
245 1 0 |a Handbook of social theory /  |c edited by George Ritzer and Barry Smart 
260 |a London ; Thousands Oaks, Calif. :   |b SAGE,   |c 2001 
300 |a xi, 552 σ.;  |c 26 εκ. 
504 |a Περιλαμβάνει βιβλιογραφικές αναφορές και ευρετήριo 
650 0 0 |a Social sciences  |x Philosophy. 
700 1 |a Ritzer, George.  |4 edt 
700 1 |a Smart, Barry.  |4 edt 
852 |a INST  |b LESVOS  |e 20140227  |h 300.1 HAN  |p 005100053450  |q 005100053450  |t BK  |y 0 
901 |a BIBL1-2014-1 
909 |a Λ  |b 177555 
922 |a 1ΕΛΗ  |b 201210  |c ΤΜΗΜΑ ΚΟΙΝΩΝΙΟΛΟΓΙΑΣ  |d ΙΩΑΝΝΙΔΟΥ 
970 |a ΤΖΑΦΕΡΗ  |b ΕΥΑΓΓΕΛΙΑ  |z 2014/02/28